000 00630nam a2200241 i 4500
001 C2-0119928
003 PPAK
005 20180727112242.0
008 970811s1985 si |||| ||||| | eng d
020 _a9971651726
040 _aPPAK
_beng
_cPPAK
_erda
082 0 4 _a305.5
_223
090 0 0 _a305.5
_bCHI
_dG
100 1 _aChia, Corinne,
_eauthor
245 1 0 _aMade in Singapore
264 1 _aSingapore :
_bTimes Books International ,
_c1985
300 _a128 pages ;
_c16 cm
336 _2rdacontent
_atext
337 _2rdamedia
_aunmediated
338 _2rdacarrier
_avolume
650 1 0 _aSocial classes
942 _ddc
_cB
999 _c33435
_d33435